| 000 | 00488nam a2200193Ia 4500 | ||
|---|---|---|---|
| 005 | 20250423101341.0 | ||
| 008 | 250422s9999 xx 000 0 und d | ||
| 020 | _a9780340882870 | ||
| 050 | _aPE 1111 .M33 .N49/ | ||
| 100 | _aMaciver, Angus | ||
| 245 | 4 | _aThe new first aid in english | |
| 250 | _a2nd ed. | ||
| 260 | _aLondon | ||
| 260 | _bHodder Gibson | ||
| 260 | _c2004 | ||
| 300 | _a188 p | ||
| 650 | _aEnglish language--Grammar. English language--Rhetoric. | ||
| 942 | _cBK | ||
| 999 |
_c36051 _d36051 |
||